All Countries by Border Length with a Map - Statistics

General Stats
  • This quiz has been taken 296 times
    295 since last reset
  • The average score is 102 of 156
Answers on the Map
Answers color-coded by a green-red scale on the quiz's map according to % correct below.
 
Answer Stats
Country Kms Countries Starting Letter % Correct
China 22,147 14 C
98%
Brazil 14,691 10 B
97%
Russia 20,017 14 R
97%
Canada 8,893 1 C
95%
India 14,209 7 I
95%
Kazakhstan 12,012 5 K
94%
United States 12,034 2 U
94%
Argentina 9,665 5 A
91%
Democratic Republic of the Congo 10,730 9 D
90%
Mongolia 8,220 2 M
90%
Mali 7,243 7 M
87%
Algeria 6,470 6 A
85%
Pakistan 6,774 4 P
85%
Sudan 6,764 7 S
84%
Bolivia 6,743 5 B
83%
Uzbekistan 6,221 5 U
82%
Chile 6,171 3 C
81%
Chad 5,968 6 C
80%
Colombia 6,004 5 C
78%
Iran 5,440 7 I
77%
Zambia 5,667 8 Z
77%
Niger 5,697 7 N
75%
Afghanistan 5,529 6 A
74%
Mauritania 5,074 4 M
74%
Republic of the Congo 5,504 5 R/C
74%
Peru 5,536 5 P
73%
Ukraine 4,663 7 U
73%
Angola 5,198 4 A
72%
Central African Republic 5,213 6 C
72%
Ethiopia 5,328 6 E
72%
France 4,072 10 F
72%
Laos 5,083 5 L
72%
Mexico 4,353 3 M
72%
Myanmar 5,876 5 M
72%
South Sudan 4,797 6 S
72%
Thailand 4,863 4 T
72%
Venezuela 4,993 3 V
72%
Vietnam 4,639 3 V
72%
Saudi Arabia 4,431 7 S
71%
South Africa 4,862 6 S
71%
Libya 4,348 6 L
70%
Mozambique 4,571 6 M
70%
Germany 3,621 9 G
69%
Iraq 3,650 6 I
69%
Kyrgyzstan 3,878 4 K
69%
Nigeria 4,047 4 N
69%
Paraguay 3,920 3 P
69%
Tanzania 3,861 8 T
69%
Cameroon 4,591 6 C
68%
Kenya 3,477 5 K
68%
Finland 2,690 3 F
67%
Morocco 3,179 3 M
67%
Turkey 2,648 8 T
67%
Turkmenistan 3,736 4 T
67%
Zimbabwe 3,066 4 Z
67%
Bangladesh 4,246 2 B
66%
Botswana 4,015 4 B
66%
Guinea 3,399 6 G
66%
Indonesia 2,830 3 I
66%
Namibia 3,936 4 N
66%
Poland 2,788 7 P
66%
Tajikistan 3,651 4 T
66%
Uganda 2,698 5 U
66%
Burkina Faso 3,193 6 B
65%
Romania 2,508 5 R
65%
Somalia 2,340 3 S
65%
Sweden 2,233 2 S
65%
Yemen 1,746 2 Y
65%
Austria 2,562 8 A
63%
Egypt 2,665 3 E
63%
Hungary 2,171 7 H
63%
Malaysia 3,147 3 M
63%
Norway 2,551 3 N
63%
Belarus 2,900 5 B
62%
Cambodia 2,572 3 C
62%
Ecuador 2,010 2 E
62%
Ghana 2,094 3 G
62%
Jordan 1,635 4 J
62%
Malawi 2,881 3 M
62%
Nepal 2,926 2 N
62%
Serbia 2,207 8 S
62%
Syria 2,253 5 S
62%
Azerbaijan 2,013 5 A
61%
Guyana 2,462 3 G
61%
Ivory Coast 3,110 5 I
61%
Oman 1,374 3 O
61%
Qatar 60 1 Q
61%
Senegal 2,640 5 S
61%
Uruguay 1,564 2 U
61%
Bulgaria 1,808 5 B
60%
Croatia 2,197 5 C
60%
Czechia 1,881 4 C
60%
Gabon 2,551 3 G
60%
Italy 1,932 6 I
60%
North Korea 1,673 3 N
60%
Vatican City 3.2 1 V
60%
Albania 720 4 A
59%
Georgia 1,461 4 G
59%
Honduras 1,520 3 H
59%
Monaco 4.4 1 M
59%
San Marino 39 1 S
59%
Slovakia 1,524 5 S
59%
Suriname 1,707 3 S
59%
Armenia 1,254 4 A
58%
Belgium 1,385 4 B
58%
Benin 1,989 4 B
58%
Denmark 68 1 D
58%
Dominican Republic 360 1 D
58%
Eritrea 1,626 3 E
58%
Estonia 633 2 E
58%
Greece 1,228 4 G
58%
Haiti 360 1 H
58%
Ireland 499 1 I
58%
Latvia 1,150 4 L
58%
Lesotho 909 1 L
58%
Lithuania 1,273 4 L
58%
Portugal 1,214 1 P
58%
Spain 1,917 4 S
58%
Togo 1,647 3 T
58%
Tunisia 1,469 2 T
58%
United Arab Emirates 867 2 U
58%
United Kingdom 499 1 U
58%
Andorra 120 2 A
57%
Djibouti 528 3 D
57%
Eswatini 535 2 E
57%
Guinea-Bissau 724 2 G
57%
Liechtenstein 76 2 L
57%
Moldova 1,389 2 M
57%
Netherlands 1,027 2 N
57%
Rwanda 893 4 R
57%
Switzerland 1,852 5 S
57%
Bhutan 1,075 2 B
56%
Burundi 974 3 B
56%
El Salvador 545 2 E
56%
Gambia 740 1 G
56%
Guatemala 1,687 4 G
56%
Kosovo 701 4 K
56%
Nicaragua 1,231 2 N
56%
North Macedonia 766 5 N
56%
Panama 555 2 P
56%
Papua New Guinea 820 1 P
56%
Slovenia 1,334 4 S
56%
Belize 516 2 B
55%
Bosnia and Herzegovina 1,459 3 B
55%
Costa Rica 639 2 C
55%
Equatorial Guinea 539 2 E
55%
Israel 659 4 I
55%
Kuwait 462 2 K
55%
Liberia 1,585 3 L
55%
Luxembourg 359 3 L
55%
Montenegro 625 5 M
55%
South Korea 238 1 S
55%
Brunei 381 1 B
54%
East Timor 228 1 E
54%
Lebanon 454 2 L
52%
Sierra Leone 958 2 S
52%
No matching quizzes found
Score Distribution
Percent of People with Each Score
Percentile by Number Answered
Your Score History
You have not taken this quiz since the last reset